Indian Leaders/ (Record no. 83102)

MARC details
000 -LEADER
fixed length control field 00678nam a22001937a 4500
005 - DATE AND TIME OF LATEST TRANSACTION
control field 20140320150245.0
010 ## - LCCN (DPL NO)
LC control number B-516190-194
020 ## - INTERNATIONAL STANDARD BOOK NUMBER
International Standard Book Number 8181030303
Terms of availability 300.00
035 ## - SYSTEM CONTROL NUMBER
System control number B-516190-194
037 ## - SOURCE OF ACQUISITION
Stock number dpl
Source of stock number/acquisition Janvani Prakashan/Ven
082 ## - DEWEY DECIMAL CLASSIFICATION NUMBER
Classification number 920
100 ## - MAIN ENTRY--PERSONAL NAME
Personal name Sharma Monica C
245 ## - TITLE STATEMENT
Title Indian Leaders/
Statement of responsibility, etc by Monica C Sharma
260 ## - PUBLICATION, DISTRIBUTION, ETC. (IMPRINT)
Place of publication, distribution, etc Delhi
Name of publisher, distributor, etc Seema Publishing House
Date of publication, distribution, etc 2012
270 ## - ADDRESS
Address 30/21-A, Ground Floor, Gali No.9 Vishwas Nagar, Shahdra
City Delhi
Postal code 110032
300 ## - PHYSICAL DESCRIPTION
Extent 264p.:
Other physical details ill.
Dimensions 21cm.(Hb)
942 ## - ADDED ENTRY ELEMENTS (KOHA)
Source of classification or shelving scheme Dewey Decimal Classification
Item type Children Books
Classification part 920
Call number suffix SHA
Holdings
Withdrawn status Lost status Not for loan Collection code Home library Current library Date acquired Source of acquisition Cost, normal purchase price Full call number Barcode Copy number Cost, replacement price Koha item type
      Non-fiction Janak Puri Janak Puri 20/03/2014 Janvani Prakashan/6164/25.03.2013/196/20.03.2013/26.03.2013 300.00 920 SHA B-516191 1 300.00 Children Books
      Non-fiction Karol Bagh Karol Bagh 20/03/2014 Janvani Prakashan/6164/25.03.2013/196/20.03.2013/26.03.2013 300.00 920 SHA B-516192 1 300.00 Children Books
      Non-fiction Narela Narela 20/03/2014 Janvani Prakashan/6164/25.03.2013/196/20.03.2013/26.03.2013 300.00 920 SHA B-516193 1 300.00 Children Books
      Non-fiction Patel Nagar Patel Nagar 20/03/2014 Janvani Prakashan/6164/25.03.2013/196/20.03.2013/26.03.2013 300.00 920 SHA B-516190 1 300.00 Children Books
      Non-fiction Shahdara Branch Shahdara Branch 20/03/2014 Janvani Prakashan/6164/25.03.2013/196/20.03.2013/26.03.2013 300.00 920 SHA B-516194 1 300.00 Children Books

© Delhi Public Library
Hit Counter
free hit counter